Increasing Biggest Cities #008 - Armenia - Statistics

General Stats
  • This quiz has been taken 37 times
  • The average score is 7 of 12
Answer Stats
Population City % Correct
1 091 700 Yerevan
100%
112 100 Gyumri
85%
76 900 Vanadzor
68%
39 900 Hrazdan
65%
20 400 Ararat
59%
20 000 Ijevan
59%
42 00 Kapan
59%
46 400 Vagharshapat
59%
45 000 Abovyan
50%
27 700 Armavir
50%
20 700 Masis
29%
20 300 Charentsavan
21%
No matching quizzes found
Score Distribution
Percent of People with Each Score
Percentile by Number Answered
Your Score History
You have not taken this quiz